000 00307nam a2200121Ia 4500
008 240731s9999 xx 000 0 und d
022 _a0973-0656
245 0 _aGender, Technology and Development
260 _bRoutledge
856 _uhttps://www.tandfonline.com/loi/rgtd20
942 _2ddc
942 _cTFEJ
999 _c76698
_d76698
945 _a1
_bMadushi Gamage
_c1
_dMadushi Gamage